000 01345cam a2200337 a 4500
001 13681922
005 20210903122021.0
008 040810s2006 maua 001 0 eng
010 _a 2004057262
020 _a032119800X
040 _aDLC
_cDLC
_dDLC
050 0 0 _aQA303.2
_b.F56 2006
082 0 0 _a515
_222
_bTHO
100 1 _aThomas, George B.
_955
245 1 0 _aThomas' calculus :
_bGeorge B. Thomas
246 3 0 _aCalculus
250 _a11th ed. /
_bas revised by Maurice D. Weir, Joel Hass, Frank R. Giordano.
260 _aIslamabad :
_bNational Book Foundation,
_cc2006.
300 _axvi, 1212, [148] p. :
_bill. (some col.) ;
_c26 cm.
500 _aRev. ed. of: Thomas' calculus / as revised by Ross L. Finney, Maurice D. Weir, and Frank R. Giordano. Updated 10th ed. c2003.
500 _aIncludes index.
650 0 _aCalculus
_vTextbooks.
_94507
650 0 _aGeometry, Analytic
_vTextbooks.
_94508
700 1 _aThomas, George B.,
_cJr.
_q(George Brinton),
_d1914-2006.
_94509
700 1 _aHass, Joel.
_94510
700 1 _aGiordano, Frank R.
_94511
700 1 _aFinney, Ross L.
_tThomas' calculus.
_94512
906 _a7
_bcbc
_corignew
_d1
_eocip
_f20
_gy-gencatlg
942 _2ddc
_cBK
999 _c529112
_d529112